Nevyžádané rady mládeži /
Rady katolického kněze dospívajícím.
Uloženo v:
| Hlavní autor: | |
|---|---|
| Médium: | Kniha |
| Jazyk: | Czech |
| Vydáno: |
Brno :
Cesta,
2017
|
| Vydání: | První vydání |
| Témata: | |
| Celkem bylo vypůjčeno: | 5x |
| Tagy: |
Žádné tagy |
| LEADER | 02140cam a2200577 i 4500 | ||
|---|---|---|---|
| 001 | 94489 | ||
| 003 | CZ PrSKC | ||
| 005 | 20201126135035.0 | ||
| 007 | ta | ||
| 008 | 170720s2017 xr d f 000 0 cze d | ||
| 020 | |a 9788072952267 |q (brožováno) : |c Kč 138,00 | ||
| 040 | |a OSA001 |b cze |e rda | ||
| 072 | 7 | |a 27-4 |x Praktická teologie. Morální teologie |2 Konspekt |9 5 | |
| 080 | |a 316.346.32-053.6 |2 MRF | ||
| 080 | |a 17.02 |2 MRF | ||
| 080 | |a 171 |2 MRF | ||
| 080 | |a 316.64 |2 MRF | ||
| 080 | |a 27-184.3 |2 MRF | ||
| 080 | |a 27-4 |2 MRF | ||
| 080 | |a 27-584 |2 MRF | ||
| 080 | |a (0.062) |2 MRF | ||
| 100 | 1 | |a Vácha, Marek Orko, |d 1966- |7 xx0009454 |4 aut |9 21431 | |
| 245 | 1 | 0 | |a Nevyžádané rady mládeži / |c Marek Vácha |
| 250 | |a První vydání | ||
| 264 | 1 | |a Brno : |b Cesta, |c 2017 | |
| 300 | |a 103 stran ; |c 19 cm | ||
| 336 | |a text |b txt |2 rdacontent | ||
| 337 | |a bez média |b n |2 rdamedia | ||
| 338 | |a svazek |b nc |2 rdacarrier | ||
| 504 | |a Obsahuje bibliografické odkazy | ||
| 520 | |a Rady katolického kněze dospívajícím. | ||
| 650 | 0 | 7 | |a mládež |7 ph115333 |2 czenas |
| 650 | 0 | 7 | |a smysl života |7 ph125718 |x křesťanské pojetí |2 czenas |
| 650 | 0 | 7 | |a životní problémy |7 ph128029 |x křesťanské pojetí |2 czenas |
| 650 | 0 | 7 | |a životní postoje |7 ph128028 |x křesťanské pojetí |2 czenas |
| 650 | 0 | 7 | |a křesťanská víra |7 ph122113 |2 czenas |
| 650 | 0 | 7 | |a křesťanský život |7 ph122132 |2 czenas |
| 650 | 0 | 7 | |a duchovní život |7 ph114375 |2 czenas |9 4145 |
| 650 | 0 | 9 | |a youth |2 eczenas |
| 650 | 0 | 9 | |a sense of life |x Christian approach |2 eczenas |
| 650 | 0 | 9 | |a life problems |x Christian approach |2 eczenas |
| 650 | 0 | 9 | |a life attitudes |x Christian approach |2 eczenas |
| 650 | 0 | 9 | |a Christian faith |2 eczenas |
| 650 | 0 | 9 | |a Christian life |2 eczenas |
| 650 | 0 | 9 | |a spiritual life |2 eczenas |
| 655 | 7 | |a populárně-naučné publikace |7 fd131864 |2 czenas | |
| 655 | 9 | |a popular works |2 eczenas | |
| 910 | |a UOG502 | ||
| 942 | |2 ddc |c KN | ||
| 999 | |d 94489 | ||
| 993 | |0 0 |1 421180094905 |2 ddc |4 0 |6 2_000000000000000 |7 0 |9 82612 |b 0 |c 94905 |d 2020-11-26 |e 5 |f DOSP |g 2 |h 198.00 |i Koupě |l DOSP |m 6 |q 2026-06-09 |r 2026-04-28 |s 2026-04-28 |t 5 |w 2020-11-26 |y KN |z NAUCNA | ||